00477nam a2200169Ia 450000500170000000800410001702000150005808200140007310000150008724500280010226000350013030000130016565000110017894200060018995200970019599900150029220250630014143.0240331s9999 xx 000 0 und d a955867804x bDESa1551 aDe Soyza,P 0aGahanu lowa pirimi lowa aGotatuwabP&P Associatesc2004 a174 p ., aGender cL 001040708LaWERCLbWERCLcSSCd2024-03-31l0o 155.3 DESp5640r2024-03-31w2024-03-31yL c5220d5220